Das Grosse Buch der Graphik (Record no. 3873)

MARC details
000 -CABECERA
campo de control de longitud fija 00768nam a2200241 a 4500
001 - NÚMERO DE CONTROL
campo de control BRCA_4157
005 - FECHA Y HORA DE LA ÚLTIMA TRANSACCIÓN
campo de control 20190320204551.0
008 - DATOS DE LONGITUD FIJA--INFORMACIÓN GENERAL
campo de control de longitud fija 050510s1968----gw-a######---#000-0#ger-#
041 ## - CÓDIGO DE LENGUA
Código de lengua del texto/banda sonora o título independiente ger
044 ## - CÓDIGO DEL PAÍS DE LA ENTIDAD EDITORA/PRODUCTORA
Código MARC del país gw
050 #4 - SIGNATURA TOPOGRÁFICA DE LA BIBLIOTECA DEL CONGRESO
Número de clasificación NC37
Número de documento/Ítem .G75 1968
245 10 - MENCIÓN DE TÍTULO
Título Das Grosse Buch der Graphik
Resto del título Meisterwerke aus 24 Beruhmten Graphischen Kabinetten
Mención de responsabilidad, etc. herausgegeben von Hermann Boekhoff und Fritz Winzer.
260 ## - PUBLICACIÓN, DISTRIBUCIÓN, ETC.
Lugar de publicación, distribución, etc. Brunswick, Alemania
Nombre del editor, distribuidor, etc. G. Westermann
Fecha de publicación, distribución, etc. c1968
300 ## - DESCRIPCIÓN FÍSICA
Extensión 591 p.
Otras características físicas il. (algunas a color)
Dimensiones 30 cm.
500 ## - NOTA GENERAL
Nota general Incluye dedicatoria al Sr. Franz Mayer
500 ## - NOTA GENERAL
Nota general C188
650 14 - PUNTO DE ACCESO ADICIONAL DE MATERIA--TÉRMINO DE MATERIA
Término de materia o nombre geográfico como elemento de entrada Dibujos
9 (RLIN) 10744
650 14 - PUNTO DE ACCESO ADICIONAL DE MATERIA--TÉRMINO DE MATERIA
Término de materia o nombre geográfico como elemento de entrada Impresos
9 (RLIN) 10745
700 1# - PUNTO DE ACCESO ADICIONAL--NOMBRE DE PERSONA
Nombre de persona Boekhoff, Hermann
Término indicativo de función/relación Editor
9 (RLIN) 10746
700 1# - PUNTO DE ACCESO ADICIONAL--NOMBRE DE PERSONA
Nombre de persona Winzer, Fritz
Término indicativo de función/relación Editor
9 (RLIN) 10747
902 ## - CATALOGADOR
Iniciales GFM
942 ## - ELEMENTOS DE PUNTO DE ACCESO ADICIONAL (KOHA)
Fuente del sistema de clasificación o colocación Library of Congress Classification
Tipo de ítem Koha Libros
Holdings
Estado de retiro Estado de pérdida Estado dañado No para préstamo Localización permanente Ubicación/localización actual Fecha de adquisición Número de inventario Total de préstamos Signatura topográfica completa Código de barras Fecha visto por última vez Precio válido a partir de Tipo de ítem Koha
El ejemplar forma parte de la colección y puede ser consultado según las políticas vigentes.       Biblioteca del Museo Franz Mayer (Rogerio Casas-Alatriste) Biblioteca del Museo Franz Mayer (Rogerio Casas-Alatriste) 15/04/2010 C188   NC37 .G75 1968 (C188) 4154 22/03/2019 22/03/2019 Libros